LEADER 00921nam0-22003251i-450- 001 990003111650403321 010 $a88-204-3459-8 035 $a000311165 035 $aFED01000311165 035 $a(Aleph)000311165FED01 035 $a000311165 100 $a20000920d1989----km-y0itay50------ba 101 0 $aita 102 $aIT 200 1 $a<>itinerario di Enrico Leone$eLiberismo e sindacalismo nel movimento operaio italiano$fWilly Gianinazzi. 210 $aMilano$cFranco Angeli$d1989. 215 $a245 p.$d22 cm 225 1 $aStoria del movimento operaio$v10 676 $aD/0.2 676 $aD/5.3 702 1$aGianinazzi,$bWilly 702 1$aLeone,$bEnrico$f<1875-1940> 801 0$aIT$bUNINA$gRICA$2UNIMARC 901 $aBK 912 $a990003111650403321 952 $aD/5.3 GIA$b10878$fSES 959 $aSES 996 $aItinerario di Enrico Leone$9462102 997 $aUNINA DB $aING01 LEADER 01254nam 2200421 450 001 9910467874703321 005 20200520144314.0 010 $a3-95935-333-2 035 $a(CKB)4340000000017794 035 $a(MiAaPQ)EBC4741660 035 $a(Au-PeEL)EBL4741660 035 $a(CaPaEBR)ebr11299618 035 $a(OCoLC)964409699 035 $a(EXLCZ)994340000000017794 100 $a20161207h20162016 uy 0 101 0 $ager 135 $aurcnu|||||||| 181 $2rdacontent 182 $2rdamedia 183 $2rdacarrier 200 14$aDer Aufbruch in die Moderne $eDie Siedlung "Neu-Jerusalem" von Erwin Gutkind und Leberecht Migge /$fLutz Oberla?nder 210 1$aHamburg, [Germany] :$cdisserta Verlag,$d2016. 210 4$dİ2016 215 $a1 online resource (172 pages) $cillustrations, tables 311 $a3-95935-332-4 320 $aIncludes bibliographical references. 606 $aHuman settlements 608 $aElectronic books. 615 0$aHuman settlements. 676 $a307 700 $aOberla?nder$b Lutz$0894560 801 0$bMiAaPQ 801 1$bMiAaPQ 801 2$bMiAaPQ 906 $aBOOK 912 $a9910467874703321 996 $aDer Aufbruch in die Moderne$91998427 997 $aUNINA